后窗 (Record no. 322283)

000 -LEADER
fixed length control field 00390nam a22001577a 4500
020 ## - ISBN
ISBN 9787532769506
082 ## - 索书号 Call Number
分类号Classification number 874.57
作者号 Author number 6355
100 ## - 作者
作者 (美)康奈尔.伍尔里奇 Cornell Woolrich 著
245 ## - 书名 TITLE
书名Title 后窗
250 ## - 版本 EDITION STATEMENT
版本叙述 Edition statement 初版;精装
260 ## - 出版项PUBLICATION, DISTRIBUTION, ETC. (IMPRINT)
出版地 Place of publication 上海
出版社 Name of publisher 上海译文出版社
出版日期 Date of publication 2015
300 ## - 稽核项 PHYSICAL DESCRIPTION
页数 Number of Pages 207页
尺寸 Dimensions 19公分
500 ## - 一般附注 GENERAL NOTE
附注 General note
700 ## - ADDED ENTRY--PERSONAL NAME
第二作者 / 译者 / 绘者 张建平 译
942 ## - ADDED ENTRY ELEMENTS (KOHA)
Koha item type Books
Holdings
Source of classification or shelving scheme Not for loan Permanent Location Current Location Shelving location Date acquired Source of acquisition Cost, normal purchase price Full call number Barcode Cost, replacement price Koha item type
    LIBRARY CHUNG HWA HIGH SCHOOL MUAR LIBRARY CHUNG HWA HIGH SCHOOL MUAR 一楼中文小说区 1st Floor Chinese Fiction Area 2025-07-07 32.00 874.57 6355 049519 64.00 Books

Powered by Koha